000 00230nam a22001217a 4500
003 SGT
082 _a820
_bD11K
100 _aKUMAR, B.B.
245 _aDIALOGUE
260 _bASTHA BHARATI
_c2011
300 _a200
942 _2ddc
_cBK
999 _c29268
_d29268